书目信息 |
| 题名: |
伟大的旋律
|
|
| 作者: | 宋纱馡 著 ;胡梅丽 译 | |
| 分册: | ||
| 出版信息: | 北京 电子工业出版社 2024.08 |
|
| 页数: | 11,360页 | |
| 开本: | 21cm | |
| 丛书名: | ||
| 单 册: | ||
| 中图分类: | K815.76 | |
| 科图分类: | ||
| 主题词: | 古典音乐--音乐家--生平事迹--世界 | |
| 电子资源: | ||
| ISBN: | 978-7-121-48258-8 | |
| 000 | 01027nam0 2200265 450 | |
| 001 | 013103630 | |
| 005 | 20251022202501.56 | |
| 010 | @a978-7-121-48258-8@dCNY99.00 | |
| 100 | @a20240830d2024 em y0chiy0120 ea | |
| 101 | 1 | @achi@ckor |
| 102 | @aCN@b110000 | |
| 105 | @aa z 000yd | |
| 106 | @ar | |
| 200 | 1 | @a伟大的旋律@9wei da de xuan lv@e18位传奇古典音乐家趣谈@f(韩)宋纱馡著@g胡梅丽译 |
| 210 | @a北京@c电子工业出版社@d2024.08 | |
| 215 | @a11,360页@c彩图@d21cm | |
| 305 | @a1458music授权出版 | |
| 330 | @a本书根据不同的音乐思潮编写而成,分别介绍了巴洛克时期、古典时期、浪漫时期和印象主义时期以及俄国最有名的三位音乐家。书里包含了18个作曲家的出生年份、国家、他们的家庭状况、家族史以及爱情故事等等。 | |
| 510 | 1 | @aGreat melodies@eanecdotes of 18 legendary classical composers@zeng |
| 606 | 0 | @a古典音乐@x音乐家@x生平事迹@y世界 |
| 690 | @aK815.76@v5 | |
| 701 | 0 | @c(韩)@a宋纱馡@9song sha fei@4著 |
| 702 | 0 | @a胡梅丽@9hu mei li@4译 |
| 801 | 0 | @aCN@c20250910 |
| 905 | @a河南城建学院图书馆@dK815.76@eS775@ZS775@f1 | |
| 伟大的旋律:18位传奇古典音乐家趣谈/(韩)宋纱馡著/胡梅丽译.-北京:电子工业出版社,2024.08 |
| 11,360页:彩图;21cm |
| ISBN 978-7-121-48258-8:CNY99.00 |
| 本书根据不同的音乐思潮编写而成,分别介绍了巴洛克时期、古典时期、浪漫时期和印象主义时期以及俄国最有名的三位音乐家。书里包含了18个作曲家的出生年份、国家、他们的家庭状况、家族史以及爱情故事等等。 |
| ● |
| 相关链接 |
|
|
|
正题名:伟大的旋律
索取号:K815.76/S775
 
预约/预借
| 序号 | 登录号 | 条形码 | 馆藏地/架位号 | 状态 | 备注 |
| 1 | 1633586 | 216335865 | 社科库309/309社科库 43排5列3层/ [索取号:K815.76/S775] | 在馆 |